|
|
|
|
| LEADER |
00000nam a2200000 a 4500 |
| 001 |
vtls010345735 |
| 003 |
SK-MaSNL |
| 005 |
20260302012135.0 |
| 007 |
co cg muuua |
| 008 |
120306s2011 xo fs 100 0 slo |
| 015 |
|
|
|a SNBS2014
|
| 020 |
|
|
|a 9788055307329 (elektronická kniha)
|
| 040 |
|
|
|a SNK
|b slo
|c SNK
|e AACR2
|
| 041 |
0 |
|
|a slo
|a cze
|
| 044 |
|
|
|a xo
|c SK
|
| 072 |
|
7 |
|a 62
|x Technika všeobecne
|2 konspekt
|
| 072 |
|
7 |
|a 658
|x Riadenie a správa podniku
|2 konspekt
|
| 080 |
|
|
|a 62:681.518.5
|2 2001
|
| 080 |
|
|
|a 658.58
|2 2001
|
| 080 |
|
|
|a (0.034.44)
|2 2001
|
| 080 |
|
|
|a (062.534)
|2 2001
|
| 111 |
2 |
|
|a Diagnostika strojov
|n (14. :
|d 2011 :
|c Košice, Slovensko)
|9 157435
|
| 245 |
1 |
0 |
|a DIS 2011 - Teória a aplikácia metód technickej diagnostiky
|h elektronický zdroj
|b XIV. ročník medzinárodnej vedeckej konferencie
|
| 246 |
3 |
0 |
|a Teória a aplikácia metód technickej diagnostiky
|
| 260 |
|
|
|a Košice
|b Technická univerzita
|c 2011
|
| 300 |
|
|
|a 1 elektronický optický disk (CD-ROM)
|b fareb.
|c 12 cm
|
| 500 |
|
|
|a Názov z disku
|
| 504 |
|
|
|a Bibliogr. odkazy
|
| 516 |
|
|
|a Textový dokument (zborník), súbory vo formáte html, pdf, ppt
|
| 536 |
|
|
|a Projekt ITMS: 26220220064 Centrum výskumu a účinnosti, integrácie kombinovaných systémov obnoviteľných zdrojov energií
|
| 538 |
|
|
|a Technické požiadavky: internetový prehliadač, PDF prehliadač, prezentačný softvér
|
| 546 |
|
|
|a Text čiast. aj čes.
|
| 650 |
0 |
7 |
|a technická diagnostika
|2 SNKPH
|9 3986
|
| 650 |
0 |
7 |
|a opravy a údržba
|2 SNKPH
|9 67615
|
| 650 |
0 |
7 |
|a Technical diagnostics
|2 SNKPHeng
|9 274373
|
| 650 |
0 |
7 |
|a Maintenance and repair
|2 SNKPHeng
|9 286963
|
| 655 |
|
7 |
|a elektronické zdroje
|2 SNKPH
|9 90954
|
| 655 |
|
7 |
|a CD-ROM
|2 SNKPH
|9 70236
|
| 655 |
|
7 |
|a zborníky konferencií
|2 SNKPH
|9 70153
|
| 655 |
|
7 |
|a Proceedings of conferences
|2 SNKPHeng
|9 265791
|
| 655 |
|
7 |
|a Electronic resources
|2 SNKPHeng
|9 175546
|
| 919 |
|
|
|a 978-80-553-0732-9
|
| 958 |
|
|
|a NB
|
| 999 |
|
|
|c 1008563
|d 1010493
|
| 952 |
|
|
|a SNK
|b SNK
|y PREZ
|7 0
|p 17A0879760
|o snkSCDM 4518
|i snk2012/5678
|8 0
|0 0
|1 0
|4 0
|d 2012-03-06
|l 0
|r 2026-02-24 12:43:26
|w 2026-02-24
|